000 00501nam a2200193Ia 4500
005 20250423100848.0
008 250422s9999 xx 000 0 und d
020 _a0071353461
050 _aQA 76.76 .C15 H835/
100 _aHubbard, John Rast.
245 0 _aSchaum’s outline of theory & problems of programming with C++
250 _a2nd ed.
260 _aNew York
260 _bMcGraw-Hill
260 _c2000
300 _a422 p
650 _aC (Computer program language)
942 _cBK
999 _c34568
_d34568